| 000 | 00382nam a22001217a 4500 | ||
|---|---|---|---|
| 008 | 181008b xxu||||| |||| 00| 0 eng d | ||
| 041 | _aeng | ||
| 080 | _a030 | ||
| 100 | _a23 | ||
| 101 | _aENC | ||
| 245 |
_aDante, Goethe, Pabelais, Cervantes, Aeschylus, Shakespeare I&II, Chaucer, Melville, The Iliad of Homer, Swift, Fulding and Virgil. _cBritannica Great Books |
||
| 942 |
_2udc _cBK |
||
| 999 |
_c49067 _d49067 |
||